Statistics for Countries by Annual Walnut Production

Click here to take the quiz!

General Stats

  • This quiz has been taken 14 times
  • The average score is 11 of 15

Answer Stats

Tons of WalnutsCountry% Correct
592,390USA
100%
34,950France
93%
2,521,504China
86%
33,000India
86%
171,368Mexico
86%
225,000Turkey
86%
31,040Greece
79%
49.580Romania
79%
18,488Argentina
71%
122,950Chile
71%
321,074Iran
71%
125,850Ukraine
71%
24,013Egypt
64%
50,660Uzbekistan
43%
18.431Belarus
29%

Score Distribution

Percentile by Number Answered

Percent of People with Each Score

Your Score History

You have not taken this quiz